Burger King Chicken Lyrics (Chicken, Chicken, Chicken, Chicken) - Statistics

General Stats
  • This quiz has been taken 56 times
  • The average score is 25 of 52
Answer Stats
Lyrics % Correct
Chicken
100%
Chicken
100%
Chicken
100%
Chicken
100%
Chicken
100%
Chicken
100%
It
82%
It
82%
It
82%
It
82%
You
69%
Rule!
64%
Italian
62%
Spicy
62%
Way
60%
Way
60%
BK
58%
Have
58%
Bacon
56%
Your
56%
All
49%
And
49%
And
49%
And
49%
At
49%
Day
49%
My
49%
My
49%
Clickin'
47%
Starts
47%
Bite
44%
One
44%
Up
44%
Up
44%
Take
42%
Crown
40%
The
31%
Royal
20%
Royal
20%
Sauce
20%
Sauce
20%
Bun
16%
Mozz
16%
Tasty
16%
Top
16%
Me
13%
With
13%
Boss
11%
Toasted
11%
Got
9%
I'm
9%
Buzzin'
7%
No matching quizzes found
Score Distribution
Percent of People with Each Score
Percentile by Number Answered
Your Score History
You have not taken this quiz